| 000 | 00816cam a22002414i 4500 | ||
|---|---|---|---|
| 001 | 18693653 | ||
| 003 | OSt | ||
| 005 | 20260417103042.0 | ||
| 008 | 150709s2016 nyua b 001 0 eng | ||
| 010 | _a 2015024721 | ||
| 020 |
_a9781107128873 _qpbk |
||
| 040 | _c. | ||
| 082 | _a320.809 BOH | ||
| 100 | 1 | _aBohlken, Anjali Thomas, | |
| 245 | 1 | 0 |
_aDemocratization from above : _bthe logic of local democracy in the developing world / _cAnjali Thomas Bohlken, University of British Columbia. |
| 264 | 1 |
_aNew York, NY : _bCambridge University Press, _c2016. |
|
| 300 |
_axvii, 288 pages : _billustrations ; _c24 cm. |
||
| 365 | _bRs. 6624 | ||
| 650 | 0 |
_aDemocracy _zDeveloping countries. |
|
| 650 | 0 |
_aDemocratization _zDeveloping countries. |
|
| 650 | 0 |
_aLocal government _zDeveloping countries. |
|
| 942 |
_2ddc _cBK |
||
| 999 |
_c39707 _d39707 |
||